| 000 | 01323nam a2200361 a 4500 | ||
|---|---|---|---|
| 999 |
_c7787 _d7787 |
||
| 001 | 991022660629706706 | ||
| 003 | OSt | ||
| 005 | 20231011103516.0 | ||
| 008 | 040129s2003 spca ||b o001 ||cat | ||
| 015 |
_aLL2004 _2bnc |
||
| 017 |
_aDL B. 25965-2003 _bBiblioteca de Catalunya |
||
| 020 | _a8476096704 | ||
| 035 | _a(ES-BaCBU).b30692969 | ||
| 035 | _a(OCoLC)806446884 | ||
| 040 |
_aES-BaBC _bcat _cCDMR |
||
| 043 |
_ae-sp--- _be-spc-- _2catmarc |
||
| 080 | _a07(467.1)(091) | ||
| 090 |
_aPN5318.C28 _bG85 2003 |
||
| 100 | 1 |
_aGuillamet, Jaume _9417 |
|
| 245 | 1 | 4 |
_aEls Orígens de la premsa a Catalunya : _bcatàleg de periòdics antics (1641-1833) / _cJaume Guillamet |
| 260 |
_aBarcelona : _bAjuntament de Barcelona : _bArxiu Municipal, _c2003 |
||
| 300 |
_a436 p. : _bil. fot. ; _c21 x 21 cm |
||
| 490 | 1 | _aMemòria de Barcelona | |
| 504 | _aBibliografia. Índexs | ||
| 650 | 0 |
_93172 _aPeriodisme _zCatalunya _xHistòria _y1641-1833 |
|
| 650 | 0 |
_91524 _aPremsa _zCatalunya _xHistòria _y1641-1833 |
|
| 650 | 0 |
_93117 _aDiaris _zCatalunya _xHistòria _y1641-1833 |
|
| 830 | 0 | _aMemòria de Barcelona | |
| 907 |
_a.b30692969 _b17-06-21 _c08-05-08 _d07-05-08 _em _fa _g- _hcat _ispc _j4 _k1 |
||
| 908 |
_aBAB _aBC _aUAB _aUB _aUdG _aUPF _aURL _aBCNexplor@ _aURV _aANC _aBPC _aAHCB _aMNAC _aFMJC _aCHCC |
||
| 940 | _aBC | ||
| 942 |
_2udc _cMON |
||